00584nam a22001697a 450000500170000001000150001702000260003203500140005803700130007208200120008510000220009724501250011926000390024427000820028330000280036550000210039320180416151856.0 aENG-122585 a9789352806164c695.00 aEN-106117 bDBAD/PUB a371.394 aGregory, Gayle H. aDifferentiated instructional strategies :cby Gayle H. Gregorybprofessional learning guide - one size doesn't fit all / aNew DelhibSage Publicationsc2018 aB-1/I-1, Mohan Cooperative Industrial Area, Mathura Road, bNew Delhie110044 a148p.c25cm.(pbk)bill. aIt include index